| 000 | 00951nam a22002417a 4500 | ||
|---|---|---|---|
| 999 |
_c22610 _d22610 |
||
| 003 | AR-CdUCM | ||
| 008 | 190409b ||||| |||| 00| 0 spa d | ||
| 020 | _a9786124453106 | ||
| 040 |
_aMUNICIPALIDAD PROVINCIAL DEL CUSCO _cBIBLIOTECA MUNICIPAL DEL CUSCO |
||
| 082 |
_a324.620985/C517 _bC517 |
||
| 100 |
_aChanamé Orbe, Raúl _918303 |
||
| 245 |
_aLa utopía de la democracia : _bhistoria del sufragio en el Perú (1808-1933) / _cRaúl Chanamé Orbe |
||
| 260 |
_aLima : _bJurado Nacional de Elecciones, _c2020. |
||
| 300 |
_a390 páginas. : _bilustraciones ; _c23 cm. |
||
| 500 |
_a"De las constituciones de Bayona y Cádiz al origen del Jurado Nacional de Elecciones" _zIncluye referencias bibliográficas. |
||
| 650 |
_aSufragio _929540 |
||
| 650 |
_aLegislación _948651 |
||
| 650 |
_aVotación _948652 |
||
| 650 |
_aHistoria _948653 |
||
| 710 |
_aJurado Nacional de Elecciones _tentidad editora _948650 |
||
| 942 |
_2ddc _cLIBROS |
||
| 945 | _arac | ||